Novo cancioneiro (Registo nº 6594)
[ vista simples ]
| 000 -Etiqueta do registo | |
|---|---|
| Valores | 00605nam a22001931i 4500 |
| 090 ## - | |
| -- | 6594 |
| 010 ## - Número ISBN | |
| ISBN | 9789722104562 |
| 100 ## - Dados gerais de processamento | |
| Dados gerais | 20170304u u u0frey50 ba |
| 101 0# - Língua de publicação | |
| -- | por |
| 200 1# - Titulo e menção de responsabilidade | |
| Título próprio | Novo cancioneiro |
| 215 ## - Descrição física | |
| Paginação / Volumes | 413, [1] p. |
| Dimensões | 24 cm |
| 210 ## - Publicação | |
| Nome do editor | Caminho |
| Local de publicação | Lisboa |
| Data de publicação | 1989 |
| 225 2# - Colecção | |
| Título próprio da colecção | Caminho |
| 410 #0 - | |
| -- | Caminho |
| 702 #1 - Autor secundário (pessoa individual) | |
| Apelido | Torres |
| Nome | Alexandre Pinheiro |
| -- | 080 |
| Datas | 1921-1999 |
| 996 ## - ISO2709 | |
| -- | 0007165 |
| -- | TOR |
| -- | 00000000 |
| -- | 00000000 |
| -- | BMVA |
| -- | 1 |
| -- | Viana do Alentejo |
| -- | Poesia |
| -- | 18 |
| -- | Livro |
| -- | 0 |
| -- | 1 |
| 996 ## - ISO2709 | |
| -- | 0025694 |
| -- | TOR |
| -- | 00000000 |
| -- | 00000000 |
| -- | BMVAAL |
| -- | 3 |
| -- | Alcáçovas |
| -- | Poesia |
| -- | 18 |
| -- | Livro |
| -- | 0 |
| -- | 1 |
| 990 ## - Elementos KOHA | |
| Tipo de documento | Livro |
| Situação do levantamento | Estado | Biblioteca de origem | Biblioteca de empréstimo | Código de barras | Cota | Permissão de empréstimo | Tipo de documento | Nota relativa ao exemplar | Localização na Estante |
|---|---|---|---|---|---|---|---|---|---|
| Completo | Biblioteca Municipal de Viana Do Alentejo | Biblioteca Municipal de Viana Do Alentejo | 0009474 | TOR | Disponível | Livro | Em depósito - caixa 67 vnt | ||
| Completo | Biblioteca Municipal de Viana Do Alentejo Pólo Alcáçovas | Biblioteca Municipal de Viana Do Alentejo Pólo Alcáçovas | 0002429AL | TOR | Disponível | Livro | cx. 129 vnt | Depósito |